000 00486nam a2200181 a 4500
005 20240807063708.0
008 991125s1949 new 000 0 eng u
035 _aUPN01000041024
049 _aCG
050 4 _aQA43 L4.5
100 1 _aLennes, N. J.
245 1 0 _aNew practival mathematics /
_cN. J. Lennes
260 _aNew York :
_bMacMillan,
_c1949
300 _aix, 426 p.
650 4 _aMatemáticas
_vProblemas, ejercicios, etc.
_93580
904 _aAC
_b041026
905 _aLibro
999 _c41024
_d41024